| 000 | 04070nam a22006615i 4500 | ||
|---|---|---|---|
| 999 |
_c535584 _d535584 |
||
| 001 | 21675654 | ||
| 003 | NUST | ||
| 005 | 20200917144336.0 | ||
| 006 | m |o d | | ||
| 007 | cr ||||||||||| | ||
| 008 | 180125s2018 gw |||| o |||| 0|eng | ||
| 010 | _a 2019743580 | ||
| 020 | _a9783319728261 | ||
| 024 | 7 |
_a10.1007/978-3-319-72826-1 _2doi |
|
| 035 | _a(DE-He213)978-3-319-72826-1 | ||
| 038 | _aMSOHAIL | ||
| 040 |
_aDLC _beng _epn _erda _cDLC |
||
| 072 | 7 |
_aRBK _2bicssc |
|
| 072 | 7 |
_aRBK _2thema |
|
| 072 | 7 |
_aSCI081000 _2bisacsh |
|
| 082 | 0 | 4 |
_a620.116 _223 _bBEA |
| 100 | 1 |
_aBear, Jacob. _eauthor. _930246 |
|
| 245 | 1 | 0 |
_aModeling Phenomena of Flow and Transport in Porous Media / _cby Jacob Bear. |
| 250 | _a1st ed. 2018. | ||
| 264 | 1 |
_aCham : _bSpringer International Publishing : _bImprint: Springer, _c2018. |
|
| 300 | _a1 online resource (XXV, 742 pages 109 illustrations, 15 illustrations in color.) | ||
| 336 |
_atext _btxt _2rdacontent |
||
| 337 |
_acomputer _bc _2rdamedia |
||
| 338 |
_aonline resource _bcr _2rdacarrier |
||
| 347 |
_atext file _bPDF _2rda |
||
| 490 | 1 |
_aTheory and Applications of Transport in Porous Media, _x0924-6118 ; _v31 |
|
| 505 | 0 | _aPorous Media -- Some Elements of Thermodynamics -- Fundamental Balance Equations and Fluxes -- Momentum Balance and Motion Equations -- Modeling Single-Phase Mass Transport -- Modeling Multiphase Mass Transport -- Modeling Transport of Chemical Species -- Modeling Energy and Mass Transport -- Poromechanics and Deformation. | |
| 520 | _aThis book presents and discusses the construction of mathematical models that describe phenomena of flow and transport in porous media as encountered in civil and environmental engineering, petroleum and agricultural engineering, as well as chemical and geothermal engineering. The phenomena of transport of extensive quantities, like mass of fluid phases, mass of chemical species dissolved in fluid phases, momentum and energy of the solid matrix and of fluid phases occupying the void space of porous medium domains are encountered in all these disciplines. The book, which can also serve as a text for courses on modeling in these disciplines, starts from first principles and focuses on the construction of well-posed mathematical models that describe all these transport phenomena. | ||
| 588 | _aDescription based on publisher-supplied MARC data. | ||
| 650 | 0 |
_aEnvironmental sciences. _930247 |
|
| 650 | 0 |
_aFossil fuels. _930248 |
|
| 650 | 0 |
_aHeat engineering. _930249 |
|
| 650 | 0 |
_aHeat transfer. _930250 |
|
| 650 | 0 |
_aHydrogeology. _92321 |
|
| 650 | 0 |
_aHydrology. _9261 |
|
| 650 | 0 |
_aMass transfer. _911005 |
|
| 650 | 0 |
_aPartial differential equations. _930251 |
|
| 650 | 0 |
_aThermodynamics. _97134 |
|
| 650 | 1 | 4 |
_aHydrogeology. _0https://scigraph.springernature.com/ontologies/product-market-codes/G19005 _92321 |
| 650 | 2 | 4 |
_aEngineering Thermodynamics, Heat and Mass Transfer. _0https://scigraph.springernature.com/ontologies/product-market-codes/T14000 _930252 |
| 650 | 2 | 4 |
_aEnvironmental Science and Engineering. _0https://scigraph.springernature.com/ontologies/product-market-codes/G37000 _930253 |
| 650 | 2 | 4 |
_aFossil Fuels (incl. Carbon Capture). _0https://scigraph.springernature.com/ontologies/product-market-codes/114000 _930254 |
| 650 | 2 | 4 |
_aHydrology/Water Resources. _0https://scigraph.springernature.com/ontologies/product-market-codes/211000 _930255 |
| 650 | 2 | 4 |
_aPartial Differential Equations. _0https://scigraph.springernature.com/ontologies/product-market-codes/M12155 _930256 |
| 776 | 0 | 8 |
_iPrint version: _tModeling phenomena of flow and transport in porous media. _z9783319728254 _w(DLC) 2017961494 |
| 776 | 0 | 8 |
_iPrinted edition: _z9783319728254 |
| 776 | 0 | 8 |
_iPrinted edition: _z9783319728278 |
| 776 | 0 | 8 |
_iPrinted edition: _z9783319892153 |
| 830 | 0 |
_aTheory and Applications of Transport in Porous Media, _x0924-6118 ; _v31 _930257 |
|
| 856 | 4 | 0 |
_uhttps://hdl.loc.gov/loc.gdc/stacks.2019743580 _zAvailable onsite via Stacks |
| 906 |
_a0 _bibc _corigres _du _encip _f20 _gy-gencatlg |
||
| 942 |
_2ddc _cBK |
||